| 000 | 02229nam a2200337 a 4500 | ||
|---|---|---|---|
| 003 | CHAP | ||
| 005 | 20230330184743.0 | ||
| 007 | ta | ||
| 008 | 230330s2017 sp ad||fr|||| 001 0 spa d | ||
| 020 | _a978-84-16898-18-3 | ||
| 040 |
_amxchpua _cCHAP _erda |
||
| 050 | 1 | 0 |
_aTX553.A3 _b.A35 2017 |
| 082 | 0 | 0 |
_a664.06 _bA35 2017 _220 |
| 245 | 1 | 0 |
_aAditivos alimentarios / _ccoordinadora Inmaculada Mateos-Aparicio |
| 250 | _a1a edición | ||
| 264 |
_aEspaña : _bDextra, _c2017 |
||
| 300 |
_a314 páginas : _bilustraciones, gráficas y fotos |
||
| 336 |
_2rdacontent _atexto _btxt |
||
| 337 |
_2rdamedia _asin medio _bn |
||
| 338 |
_2rdacarrier _avolumen _bnc |
||
| 504 | _aBibliografía: páginas 310-314 | ||
| 520 | 2 | _aLos aditivos alimentarios son sustancias añadidas a los alimentos de forma intencionada con una finalidad tecnológica, es decir, facilitar su conservación, mantener sus propiedades nutritivas o mejorar y/o mantener sus caracteres organolépticos. Dicho así no parece nada diferente a muchos de los ingredientes o coadyuvantes que se utilizan en la elaboración de los alimentos, sin embargo a nadie se le escapa la controversia que suscita el uso de los mismos. Este libro recoge las clases de aditivos más usados desde los puntos de vista tecnológico y de sus implicaciones sobre la salud, y se ha tratado de contestar aquellas preguntas sobre seguridad, toxicidad y, en general, alarmismo que existen para algunos de los aditivos alimentarios tratados. Por tanto, en buena medida, está dirigido a los alumnos de Ciencia y Tecnología de los Alimentos, Nutrición Humana y Dietética y Farmacia, y a todos aquellos estudiantes, profesores y científicos que estén interesados en profundizar en el conocimiento de estas sustancias. Asimismo, se ha tratado de que el lenguaje sea sencillo y por tanto también puede ser abordado por el público en general. | |
| 650 | 1 | 3 |
_aAditivos alimentarios _9138423 |
| 650 | 1 | 3 |
_aInocuidad alimentaria _958836 |
| 650 | 1 | 3 |
_aCalidad de los alimentos _9147626 |
| 650 | 1 | 3 |
_aFood additives _9147673 |
| 650 | 1 | 3 |
_aFood safety _9148388 |
| 650 | 1 | 3 |
_aFood quality _9147627 |
| 700 | 1 |
_9186606 _aMateos-Aparicio, Inmaculada _ecoordinadora |
|
| 942 |
_2ddc _cLibro |
||
| 999 |
_c218588 _d218588 |
||